000 00228nam a22001097a 4500
003 SGT
082 _a632,BAR
100 _aBARE,ACT
245 _aINSECTICIDES ACT,1968
260 _aNEW DELHI
_bEASTERN BOOK
_c2015
942 _2ddc
_cBK
999 _c11664
_d11664